England National Football Team Players: B - Statistics

General Stats
  • This quiz has been taken 14 times
  • The average score is 29 of 174
Answer Stats
Caps Goals First Cap Last Cap Player % Correct
72 8 1965 1975 Alan Ball
73%
115 17 1996 2009 David Beckham
73%
1 0 2020 2020 Harvey Barnes
73%
79 11 1983 1995 John Barnes
73%
1 0 2001 2001 Michael Ball
73%
22 4 1977 1982 Peter Barnes
73%
48 9 1968 1975 Colin Bell
64%
13 4 2006 2011 Darren Bent
64%
9 5 1926 1932 George Brown
64%
1 0 1927 1927 Jack Ball
64%
1 0 1971 1971 Tony Brown
64%
23 1 1999 2010 Wes Brown
64%
3 4 1882 1882 Arthur Brown
55%
2 1 1904 1906 Arthur Brown
55%
1 1 1923 1923 Billy Brown
55%
53 3 2000 2012 Gareth Barry
55%
6 0 1927 1929 Jack Brown
55%
5 3 1881 1885 Jimmy Brown
55%
1 0 1959 1959 Ken Brown
55%
39 0 1997 2004 Nicky Butt
55%
2 0 1992 1993 David Beardsley
45%
73 0 1963 1972 Gordon Banks
45%
20 1 2022 2025 Jarrod Bowen
45%
1 0 1877 1877 John Bain
45%
46 6 2020 2025 Jude Bellingham
45%
30 1 2010 2015 Leighton Baines
45%
5 0 1928 1929 Leonard Barry
45%
59 9 1986 1996 Peter Beardsley
45%
33 6 2013 2019 Ross Barkley
45%
6 0 1958 1958 Tommy Banks
45%
5 0 2025 2025 Dan Burn
36%
7 0 2007 2008 David Bentley
36%
8 2 1905 1910 Dicky Bond
36%
1 0 1889 1889 Frank Burton
36%
1 0 1901 1901 Herbert Banks
36%
12 9 1949 1955 Roy Bentley
36%
13 4 1989 1990 Steve Bull
36%
1 0 1913 1913 Bob Benson
27%
42 0 1991 1999 David Batty
27%
18 10 1929 1937 Eric Brook
27%
1 0 2002 2002 Lee Bowyer
27%
23 4 1995 2001 Nick Barmby
27%
7 0 1966 1970 Peter Bonetti
27%
23 28 1895 1907 Steve Bloomer
27%
77 3 1980 1990 Terry Butcher
27%
1 0 1927 1927 Alf Baker
18%
4 1 1965 1965 Barry Bridges
18%
2 0 1921 1925 Benjamin Baker
18%
4 0 1910 1913 Billy Bradshaw
18%
21 12 1931 1938 Cliff Bastin
18%
9 5 1950 1952 Eddie Bailey
18%
1 3 1908 1908 Frank Bradshaw
18%
2 0 1985 1985 Gary Bailey
18%
2 0 1963 1966 Gerry Byrne
18%
1 0 1897 1897 Harry Bradshaw
18%
5 0 1908 1908 Horace Bailey
18%
3 0 1934 1935 Horace Burrows
18%
9 0 2012 2018 Jack Butland
18%
5 0 2003 2003 James Beattie
18%
8 3 1959 1966 Joe Baker
18%
1 0 2007 2007 Joey Barton
18%
9 1 1975 1977 Kevin Beattie
18%
2 0 1964 1965 Mike Bailey
18%
19 2 1878 1887 Norman Bailey
18%
1 0 2021 2021 Patrick Bamford
18%
3 0 1985 1985 Paul Bracewell
18%
19 1 2012 2017 Ryan Bertrand
18%
4 1 1927 1927 Sid Bishop
18%
47 5 1974 1982 Trevor Brooking
18%
3 0 1995 1995 Warren Barton
18%
36 1 2002 2009 Wayne Bridge
18%
1 0 1921 1921 Bert Bliss
9%
1 0 1905 1905 Billy Balmer
9%
16 8 1888 1896 Billy Bassett
9%
1 0 1924 1924 Billy Butler
9%
2 0 1989 1989 Dave Beasant
9%
3 0 1991 1993 Earl Barrett
9%
1 0 1905 1905 Frank Booth
9%
1 0 1914 1914 Frank Buckley
9%
1 0 1923 1923 Fred Bullock
9%
1 0 1882 1882 Horace Barnet
9%
14 8 1951 1954 Ivor Broadis
9%
11 0 1934 1936 Jack Barker
9%
3 2 1933 1934 Jack Bowers
9%
1 0 1924 1924 Jack Butler
9%
1 0 2024 2024 Jarrad Branthwaite
9%
1 0 2010 2010 Jay Bothroyd
9%
1 0 1934 1934 Joe Beresford
9%
12 7 1923 1930 Joe Bradford
9%
1 1 1890 1890 John Barton
9%
4 0 1953 1956 Johnny Berry
9%
3 2 1956 1956 Johnny Brooks
9%
11 8 1961 1965 Johnny Byrne
9%
14 3 1982 1984 Luther Blissett
9%
3 2 1923 1926 Norman Bullock
9%
7 0 1921 1924 Percy Barton
9%
3 0 1958 1960 Peter Brabrook
9%
7 2 1958 1960 Peter Broadbent
9%
33 0 1954 1957 Roger Byrne
9%
2 0 1898 1903 Tom Booth
9%
2 0 1901 1901 Walter Bennett
9%
3 2 1959 1959 Warren Bradley
9%
1 0 1929 1929 Albert Barrett
0%
2 1 1873 1875 Alexander Bonsor
0%
5 0 1923 1927 Alfred Bower
0%
3 1 1881 1884 Arthur Bambridge
0%
1 0 1909 1909 Arthur Berry
0%
11 3 1905 1909 Arthur Bridgett
0%
2 0 1901 1902 Billy Bannister
0%
2 0 1901 1902 Billy Beats
0%
1 0 1889 1889 Billy Betts
0%
2 0 1904 1904 Billy Brawn
0%
3 2 1932 1936 Bobby Barclay
0%
18 11 1879 1887 Charles Bambridge
0%
6 4 1913 1924 Charlie Buchan
0%
9 1 1934 1937 Cliff Britton
0%
1 0 1896 1896 Cuthbert Burnup
0%
2 0 1886 1890 Dickie Baugh
0%
1 0 1876 1876 Ernest Bambridge
0%
26 0 1928 1933 Ernie Blenkinsop
0%
2 0 1874 1875 Francis Birley
0%
1 0 1920 1920 Frank Barson
0%
2 2 1895 1897 Frank Becton
0%
5 0 1954 1956 Frank Blunstone
0%
7 3 1938 1939 Frank Broome
0%
3 1 1901 1904 Fred Blackburn
0%
3 0 1980 1980 Gary Birtles
0%
1 1 1955 1955 Geoff Bradford
0%
1 0 1924 1924 George Blackburn
0%
3 0 1886 1891 George Brann
0%
2 1 1923 1924 Harry Bedford
0%
1 0 1937 1937 Harry Betmead
0%
4 4 1930 1931 Harry Burgess
0%
4 0 1904 1906 Herbert Burgess
0%
1 0 1921 1921 Jack Bamber
0%
3 0 1928 1929 Jack Bruton
0%
1 0 1935 1935 Jackie Bestall
0%
6 0 1934 1937 Jackie Bray
0%
1 0 1972 1972 Jeff Blockley
0%
1 0 1891 1891 Jem Bayliss
0%
1 0 1928 1928 Jim Barrett
0%
1 0 1919 1919 Jimmy Bagshaw
0%
7 4 1903 1911 Joe Bache
0%
3 0 1884 1884 Joe Beverley
0%
1 0 1872 1872 John Brockbank
0%
3 1 1889 1891 John Brodie
0%
1 0 1935 1935 Joseph Birkett
0%
2 0 1877 1879 Lindsay Bury
0%
3 0 1951 1953 Malcolm Barrass
0%
2 0 1983 1983 Mark Barham
0%
1 0 1877 1877 Morton Betts
0%
1 1 1939 1939 Pat Beasley
0%
1 0 1899 1899 Phil Bach
0%
1 0 1976 1976 Phil Boyer
0%
1 0 1954 1954 Ray Barlow
0%
6 1 1934 1936 Ray Bowden
0%
1 0 1879 1879 Reg Birkett
0%
1 0 1895 1895 Richard Barker
0%
3 0 1955 1955 Ron Baynham
0%
5 0 1936 1937 Sam Barkas
0%
1 0 1880 1880 Segar Bastard
0%
1 0 1919 1919 Sid Bowser
0%
5 1 1974 1977 Stan Bowles
0%
2 0 1994 1994 Steve Bould
0%
1 0 1887 1887 Teddy Brayshaw
0%
5 0 1903 1904 Tom Baddeley
0%
5 0 1912 1914 Tom Brittleton
0%
5 0 1921 1925 Tom Bromilow
0%
1 0 1913 1913 Tommy Boyle
0%
3 0 1935 1938 Walter Boyes
0%
1 0 1876 1876 Walter Buchanan
0%
2 1 1880 1880 William Brindle
0%
2 2 1884 1884 William Bromley-Davenport
0%
1 0 1925 1925 William Bryant
0%
No matching quizzes found
Score Distribution
Percent of People with Each Score
Percentile by Number Answered
Your Score History
You have not taken this quiz